Statistics for Top 4 UEFA Champions League

Click here to take the quiz!

General Stats

  • This quiz has been taken 7,399 times
    (2,991 since last reset)
  • The average score is 40 of 75

Answer Stats

Winner% Correct
Real Madrid
100%
Bayern Munich
99%
Liverpool
99%
Paris Saint-Germain
99%
FC Barcelona
99%
Manchester United
98%
Chelsea
98%
Manchester City
96%
Juventus
96%
AC Milan
96%
Tottenham Hotspur
95%
Borussia Dortmund
95%
AFC Ajax
95%
Inter Milan
95%
Atlético Madrid
94%
FC Porto
92%
Arsenal
92%
Olympique Lyonnais
91%
AS Roma
86%
Olympique de Marseille
85%
SL Benfica
83%
Nottingham Forest
81%
Valencia
80%
PSV Eindhoven
79%
Aston Villa
79%
AS Monaco
79%
Celtic FC
76%
RB Leipzig
72%
Red Star Belgrade
72%
Hamburger SV
69%
Feyenoord
67%
Rangers FC
63%
Bayer Leverkusen
62%
Leeds United
59%
Steaua București
58%
FC Dynamo Kyiv
57%
Schalke 04
56%
Eintracht Frankfurt
50%
Galatasaray
46%
Deportivo La Coruña
46%
Borussia Mönchengladbach
44%
RSC Anderlecht
43%
ACF Fiorentina
43%
Villarreal
41%
Club Brugge
40%
Malmö FF
40%
Girondins de Bordeaux
38%
UC Sampdoria
36%
AS Saint-Etienne
36%
Panathinaikos
32%
Spartak Moscow
31%
FC Nantes
30%
FK Partizan
29%
Stade de Reims
29%
FC Köln
28%
Rapid Wien
27%
Real Sociedad
25%
Sparta Prague
21%
Legia Warsaw
21%
FC Zürich
20%
Austria Wien
19%
Standard Liège
18%
IFK Göteborg
17%
BSC Young Boys
14%
Derby County
14%
CSKA Sofia
12%
Dundee United
12%
Widzew Lodz
8%
Dinamo București
8%
Hibernian FC
6%
Dukla Prague
5%
Ujpest FC
5%
Gyori FC
3%
Vasas SC
3%
Spartak Trnava
2%

Score Distribution

Percentile by Number Answered

Percent of People with Each Score

Your Score History

You have not taken this quiz since the last reset